80s Metal Bands by Album - Statistics

General Stats
  • This quiz has been taken 561 times
  • The average score is 10 of 14
Answer Stats
Hint Answer % Correct
Ride the Lightning Metallica
93%
Ace of Spades Motörhead
84%
Dr. Feelgood Mötley Crüe
81%
The Number of the Beast Iron Maiden
79%
Cowboys from Hell Pantera
78%
Peace Sells... But Who's Buying? Megadeth
76%
Hysteria Def Leppard
72%
Painkiller Judas Priest
72%
Reign in Blood Slayer
72%
Heaven and Hell Black Sabbath
64%
Among the Living Anthrax
53%
Stay Hungry Twisted Sister
53%
Out of the Cellar Ratt
49%
Blackout Scorpions
47%
No matching quizzes found
Score Distribution
Percent of People with Each Score
Percentile by Number Answered
Your Score History
You have not taken this quiz